| 000 | 00732cab a2200241 4500 | ||
|---|---|---|---|
| 001 | ABS59147 | ||
| 008 | 090401t1998 xxu||||| |||| 00| 0 eng d | ||
| 035 | _a(Sirsi) u88018 | ||
| 041 | _aeng | ||
| 100 | _aMcKane, I, | ||
| 245 | 4 | _aThe architecture of light | |
| 260 | _c1998 | ||
| 350 | _a0 | ||
| 490 |
_aASI Journal _v10(2) July 1998, 10-11(2) |
||
| 520 | _aExamines the issues facing architects in the inclusion and selection of rooflights as an effective way of providing natural daylight conditons in buildings. | ||
| 650 | _aARCHITECTS | ||
| 650 | _aENERGY EFFICIENCY | ||
| 650 | _aNATURAL LIGHT | ||
| 650 | _aROOFLIGHTS | ||
| 690 | _aBUILT ENVIRONMENT-BUILDING MATERIALS | ||
| 942 | _n0 | ||
| 948 | _c17/08/1998 | ||
| 999 |
_c55574 _d55574 |
||